| 000 | 00618nam a2200229 i 4500 | ||
|---|---|---|---|
| 001 | bgj | ||
| 100 | 1 | _aRITTER-SCHAUMBURG, Heinz. | |
| 245 | 1 | 0 |
_aDie Kraft der Sprache : _bvom Wesen der Vokale und Konsonanten / _cHeinz Ritter-Schaumburg. |
| 260 |
_aMünchen : _bHerbig, _c1985. |
||
| 300 |
_a286 s. ; _c22 cm. |
||
| 504 | _aBibliogr. s. 279-286. | ||
| 650 | 9 | _aJęzykoznawstwo | |
| 650 | 9 |
_aJęzyk niemiecki _xfonetyka |
|
| 020 | _a3776612878 | ||
| 040 | _cBPK | ||
| 041 | 0 | _ager | |
| 044 | _aDEU | ||
| 080 | _a81'1 | ||
| 920 | _a3-7766-1287-8 | ||
| 942 | _cKS | ||
| 008 | s gw f |000 0 ger | ||
| 999 |
_c50680 _d50680 |
||